[Event "Lliga Catalana DH"]
[Site "?"]
[Date "2018.02.10"]
[Round "4.9"]
[White "Terry Cuellar, Luis Antonio"]
[Black "Chalmeta Uagas, Jordi"]
[Result "0-1"]
[WhiteElo "2115"]
[BlackElo "2293"]
[PlyCount "116"]
[WhiteTeam "OLO"]
[BlackTeam "FOM"]

1. e4 e6 2. Qe2 Nf6 3. d3 Nc6 4. Nf3 d5 5. Nbd2 dxe4 6. dxe4 e5 7. g3 Bc5 8.
Bg2 O-O 9. c3 a5 10. O-O b6 11. a4 Ba6 12. Nc4 Qe7 13. b3 Qe6 14. Ng5 Qe7 15.
Bh3 Ne8 16. Qh5 h6 17. Nf3 Bxc4 18. bxc4 Nd6 19. Bxh6 gxh6 20. Qxh6 Nd8 21.
Rad1 f6 22. Rxd6 cxd6 23. Nh4 Qg7 24. Qd2 Ra7 25. Kh1 Qg5 26. f4 Qh6 27. Qd5+
Kh8 28. Kg2 Rh7 29. fxe5 dxe5 30. Bg4 Rg8 31. h3 Nf7 32. Qe6 Ng5 33. Qc6 Rf8
34. Nf5 Qg6 35. Nh4 Rxh4 36. Bf5 Qe8 37. Qxe8 Rxe8 38. gxh4 Ne6 39. Kf3 Ng7 40.
Bg6 Rd8 41. h5 Ne6 42. Kg4 Kg7 43. Kf5 Nf4 44. Rf3 Rd3 45. Rxd3 Nxd3 46. h6+
Kxh6 47. Kxf6 Bf2 48. Be8 Bh4+ 49. Ke6 Kg5 50. Bb5 Kf4 51. Kd5 Nc5 52. Kc6 Bd8
53. Kd5 Nxe4 54. Bc6 Nxc3+ 55. Ke6 e4 56. Bxe4 Kxe4 57. Kd7 Bh4 58. Kc6 Bf2 0-1

[Event "Lliga Catalana DH"]
[Site "?"]
[Date "2018.02.10"]
[Round "4.10"]
[White "De la Riva Aguado, Jordi"]
[Black "Lazaro Pujol, Abel"]
[Result "1-0"]
[WhiteElo "2309"]
[BlackElo "2100"]
[PlyCount "99"]
[WhiteTeam "FOM"]
[BlackTeam "OLO"]

1. e4 e5 2. Nf3 Nc6 3. Bb5 a6 4. Ba4 Nf6 5. d3 b5 6. Bb3 Bc5 7. O-O d6 8. c3
O-O 9. Bg5 h6 10. Bh4 Bb6 11. Nbd2 Na5 12. Bc2 c5 13. Re1 Nc6 14. Nf1 c4 15.
dxc4 bxc4 16. Qe2 Be6 17. Red1 g5 18. Bg3 Qe7 19. h4 g4 20. N3d2 Rfc8 21. Nxc4
Bxc4 22. Qxc4 Nd4 23. Qd3 Nxc2 24. Qxc2 Nh5 25. Qd2 Nxg3 26. Nxg3 Qxh4 27. Nf5
Qf6 28. Qxd6 Qxd6 29. Rxd6 Rcb8 30. Nxh6+ Kh7 31. Nxg4 Bc5 32. Rd5 Bf8 33. b3
Rc8 34. c4 a5 35. Nxe5 a4 36. Rad1 Rcb8 37. Nxf7 axb3 38. axb3 Rxb3 39. Ng5+
Kg6 40. Nf3 Ra2 41. R1d2 Ra4 42. Ne5+ Kg7 43. g3 Bb4 44. R2d3 Rb2 45. Rf3 Raa2
46. Rf7+ Kh6 47. Ng4+ Kg6 48. Rf6+ Kg7 49. Rd7+ Kg8 50. Rff7 1-0

[Event "Lliga Catalana DH"]
[Site "Barcelona"]
[Date "2018.02.10"]
[Round "4.1"]
[White "Cruz Sanchez, Jonathan Esteban"]
[Black "Vasquez Schroeder, Rodrigo Rafael"]
[Result "1/2-1/2"]
[WhiteElo "2477"]
[BlackElo "2549"]
[PlyCount "26"]
[EventDate "2018.??.??"]
[WhiteTeam "TPE"]
[BlackTeam "CCS"]

1. e4 c5 2. Nf3 d6 3. Bc4 Nc6 4. O-O Nf6 5. Nc3 Bg4 6. h3 Bh5 7. Nd5 e5 8.
Nxf6+ Qxf6 9. g4 Bg6 10. d4 Qd8 11. dxe5 dxe5 12. Qxd8+ Rxd8 13. Bd5 f6 1/2-1/2

[Event "Lliga Catalana DH"]
[Site "Barcelona"]
[Date "2018.02.10"]
[Round "4.2"]
[White "Gonzalez Garcia, Jose"]
[Black "Cruz Estrada, Filemon"]
[Result "0-1"]
[WhiteElo "2565"]
[BlackElo "2384"]
[PlyCount "64"]
[EventDate "2018.??.??"]
[WhiteTeam "CCS"]
[BlackTeam "TPE"]

1. d4 d5 2. c4 c6 3. Nf3 Nf6 4. Qb3 dxc4 5. Qxc4 e6 6. Bg5 Be7 7. Nc3 O-O 8. e4
b5 9. Qb3 a5 10. e5 Nd5 11. Bxe7 Qxe7 12. Nxd5 exd5 13. Be2 a4 14. Qc2 a3 15.
O-O Bg4 16. Rfe1 Bxf3 17. Bxf3 Qb4 18. b3 Qxd4 19. Rac1 Ra7 20. Rcd1 Qb4 21.
Re3 Re7 22. Be2 Rfe8 23. Bd3 g6 24. Rde1 Qd4 25. Rd1 Qb4 26. Rde1 c5 27. Qc1
Nc6 28. f4 f6 29. e6 Nd4 30. f5 gxf5 31. Rf1 Nxe6 32. Bxf5 Ng7 0-1

[Event "Lliga Catalana DH"]
[Site "Barcelona"]
[Date "2018.02.10"]
[Round "4.3"]
[White "Ballester Llagaria, Luis"]
[Black "Comas Fabrego, Lluis"]
[Result "1/2-1/2"]
[WhiteElo "2349"]
[BlackElo "2556"]
[PlyCount "44"]
[EventDate "2018.??.??"]
[WhiteTeam "TPE"]
[BlackTeam "CCS"]

1. e4 c5 2. Nc3 e6 3. Nf3 a6 4. d4 cxd4 5. Nxd4 Nc6 6. Nxc6 bxc6 7. Bd3 d5 8.
O-O Nf6 9. Re1 Be7 10. e5 Nd7 11. Qg4 Kf8 12. b3 c5 13. Ba3 Bb7 14. Na4 g6 15.
c4 d4 16. Be4 Qc7 17. Rad1 h5 18. Qf4 g5 19. Qg3 h4 20. Qg4 Nxe5 21. Qe2 Nd7
22. Bxb7 Qxb7 1/2-1/2

[Event "Lliga Catalana DH"]
[Site "Barcelona"]
[Date "2018.02.10"]
[Round "4.4"]
[White "Diaz Camallonga, Carles"]
[Black "Boix Moreno, Daniel"]
[Result "1-0"]
[WhiteElo "2489"]
[BlackElo "2328"]
[PlyCount "77"]
[EventDate "2018.??.??"]
[WhiteTeam "CCS"]
[BlackTeam "TPE"]

1. e4 c5 2. Nf3 g6 3. c4 Bg7 4. d4 cxd4 5. Nxd4 Nc6 6. Be3 Nf6 7. Nc3 Ng4 8.
Qxg4 Nxd4 9. Qd1 e5 10. Be2 d6 11. O-O a6 12. Re1 O-O 13. Bg4 Be6 14. Bxe6 fxe6
15. Ne2 Qb6 16. Qd2 Nxe2+ 17. Qxe2 Qc6 18. Qg4 Rae8 19. Red1 Rf7 20. b3 Bf8 21.
f3 Kg7 22. Qg3 Qc7 23. Qf2 Rd7 24. Rd3 Qc6 25. a4 Rc8 26. h3 Be7 27. Qb2 Bf6
28. a5 h6 29. Rad1 Bg5 30. Bf2 Bf6 31. Kh1 Re8 32. Be3 Qc7 33. Qd2 Bg5 34. Bxg5
hxg5 35. Rxd6 Rxd6 36. Qxd6 Qxd6 37. Rxd6 Re7 38. c5 Kf6 39. Kg1 1-0

[Event "Lliga Catalana DH"]
[Site "Barcelona"]
[Date "2018.02.10"]
[Round "4.5"]
[White "Gonzalez Garcia, Marc"]
[Black "Lorenzo de la Riva, Lazaro"]
[Result "0-1"]
[WhiteElo "2338"]
[BlackElo "2449"]
[PlyCount "46"]
[EventDate "2018.??.??"]
[WhiteTeam "TPE"]
[BlackTeam "CCS"]

1. d4 Nf6 2. Nf3 b6 3. Bg5 e6 4. e4 h6 5. Bxf6 Qxf6 6. Bd3 Bb7 7. O-O d6 8. c3
Nd7 9. Nbd2 g5 10. Qe2 a6 11. Nc4 Qe7 12. Ne3 Bg7 13. Nd2 c5 14. d5 Be5 15. a4
h5 16. Bc4 Qf6 17. g3 Qh6 18. Ng2 h4 19. gxh4 Ke7 20. h3 Rag8 21. Kh1 Nf6 22.
Nf3 g4 23. hxg4 Rxg4 0-1

[Event "Lliga Catalana DH"]
[Site "?"]
[Date "2018.02.10"]
[Round "4.6"]
[White "Perpinya Rofes, Lluis Maria"]
[Black "Martinez Pla, Xavier"]
[Result "1-0"]
[WhiteElo "2445"]
[BlackElo "2320"]
[PlyCount "59"]
[EventDate "2018.??.??"]
[WhiteTeam "CCS"]
[BlackTeam "TPE"]

1. e4 c5 2. Nc3 Nc6 3. Nge2 e6 4. d4 cxd4 5. Nxd4 Qc7 6. Be3 a6 7. Qf3 Nf6 8.
O-O-O d6 9. Qg3 Bd7 10. f4 g6 11. Be2 Be7 12. Rhf1 h5 13. e5 Ng4 14. exd6 Qxd6
15. Nxc6 Qxc6 16. Bd4 Bf6 17. h3 Bxd4 18. Rxd4 Nh6 19. Qd3 Nf5 20. Bf3 Qc7 21.
Rc4 Qb6 22. Re1 Rd8 23. Nd5 Qa5 24. b4 Qxa2 25. Qc3 Rf8 26. Nf6+ Ke7 27. Rc7
Nd6 28. Nd5+ Ke8 29. Qf6 Nf5 30. Qe7+ 1-0

[Event "Lliga Catalana DH"]
[Site "Barcelona"]
[Date "2018.02.10"]
[Round "4.9"]
[White "Moll, Arne"]
[Black "Ayas Fernandez, Antoni"]
[Result "1/2-1/2"]
[WhiteElo "2221"]
[BlackElo "2351"]
[PlyCount "34"]
[EventDate "2018.??.??"]
[WhiteTeam "TPE"]
[BlackTeam "CCS"]

1. e4 c5 2. Nf3 Nc6 3. Nc3 e6 4. d4 cxd4 5. Nxd4 Nf6 6. g3 Bb4 7. Bg2 d5 8. O-O
O-O 9. exd5 exd5 10. Nce2 h6 11. h3 Re8 12. Nf4 Qb6 13. c3 Bc5 14. Be3 Nxd4 15.
Bxd4 Bxd4 16. Qxd4 Qxd4 17. cxd4 Bf5 1/2-1/2

[Event "Lliga Catalana DH"]
[Site "?"]
[Date "2018.02.10"]
[Round "4.8"]
[White "Bofill Mas, Alexandre"]
[Black "Leiro Giralt, Dani"]
[Result "1-0"]
[WhiteElo "2412"]
[BlackElo "2285"]
[PlyCount "77"]
[EventDate "2018.??.??"]
[WhiteTeam "CCS"]
[BlackTeam "TPE"]

1. c4 e6 2. g3 d5 3. Nf3 Nf6 4. Bg2 Be7 5. O-O O-O 6. b3 c6 7. Bb2 Nbd7 8. d3
b6 9. Nbd2 Bb7 10. e4 dxe4 11. dxe4 Qc7 12. e5 Ng4 13. Qe2 Bb4 14. Rad1 Rad8
15. h3 Nh6 16. g4 Nb8 17. Ng5 Be7 18. f4 c5 19. Nde4 Rxd1 20. Qxd1 Bxe4 21.
Bxe4 g6 22. Qf3 Rd8 23. Bc3 Rd7 24. Qg3 Qd8 25. Qh4 Kg7 26. Qxh6+ Kxh6 27.
Nxf7+ Kg7 28. Nxd8 Rxd8 29. Kf2 Na6 30. Ke2 Rf8 31. Ke3 Nb8 32. Rd1 Kf7 33. Rh1
Ke8 34. h4 Nd7 35. h5 gxh5 36. Rxh5 Rg8 37. Kf3 Nf8 38. Bxh7 Rh8 39. Be4 1-0

[Event "Lliga Catalana DH"]
[Site "Barcelona"]
[Date "2018.02.10"]
[Round "4.10"]
[White "Rajendra Sagar, Tejaswini"]
[Black "Marques Taltavull, Antoni"]
[Result "1/2-1/2"]
[WhiteElo "2081"]
[BlackElo "2231"]
[PlyCount "71"]
[EventDate "2018.??.??"]
[WhiteTeam "CCS"]
[BlackTeam "TPE"]

1. e4 d6 2. d4 Nf6 3. Nc3 c6 4. Be3 Qa5 5. Qd2 e5 6. Nf3 Bg4 7. Be2 Nbd7 8. O-O
Qc7 9. a4 Be7 10. Ne1 O-O 11. h3 Bxe2 12. Qxe2 Rfe8 13. Nf3 Rad8 14. Rfd1 Bf8
15. d5 c5 16. a5 a6 17. Nd2 g6 18. Nc4 Nh5 19. g3 Ng7 20. g4 Be7 21. Kh1 Nf6
22. Rab1 h5 23. b4 hxg4 24. hxg4 Qc8 25. f3 cxb4 26. Rxb4 Nd7 27. Rdb1 Nc5 28.
Bxc5 Qxc5 29. Na4 Qc8 30. Rxb7 Rd7 31. Rxd7 Qxd7 32. Ncb6 Qd8 33. Kg2 Bg5 34.
Rh1 f5 35. Qxa6 fxe4 36. fxe4 {Ilegible} 1/2-1/2

[Event "Lliga Catalana DH"]
[Site "Barcelona"]
[Date "2018.02.10"]
[Round "4.7"]
[White "Gallart Zafra, Jaume"]
[Black "Rahal, Michael"]
[Result "0-1"]
[WhiteElo "2298"]
[BlackElo "2426"]
[PlyCount "124"]
[EventDate "2018.??.??"]
[WhiteTeam "TPE"]
[BlackTeam "CCS"]

1. e4 c5 2. Nf3 e6 3. d4 cxd4 4. Nxd4 Nf6 5. Nc3 Nc6 6. Be2 Bb4 7. Nxc6 bxc6 8.
O-O d5 9. Bg5 Be7 10. Qd4 O-O 11. exd5 cxd5 12. Rfe1 Rb8 13. a3 h6 14. Bh4 Qb6
15. Qxb6 Rxb6 16. b4 Bd7 17. Bd3 Rc8 18. Ne2 e5 19. f3 e4 20. fxe4 dxe4 21.
Bxe4 g5 22. Bf2 Nxe4 23. Bxb6 axb6 24. Ng3 f5 25. Rad1 Be6 26. Nxe4 fxe4 27.
Rxe4 Kf7 28. Rde1 Rc6 29. c4 Bf6 30. c5 bxc5 31. bxc5 Bd5 32. Ra4 Rxc5 33. Ra7+
Kg6 34. Rd7 g4 35. Rd1 Be4 36. R7d6 Kg5 37. R1d2 h5 38. Re6 Rc4 39. Re8 h4 40.
Rg8+ Bg6 41. Rd5+ Kh6 42. Rd6 Rf4 43. g3 Bd4+ 44. Rxd4 Rxd4 45. gxh4 Ra4 46.
Kf2 Rxa3 47. Rh8+ Kg7 48. Rb8 Rf3+ 49. Kg2 Bd3 50. h5 Bf1+ 51. Kg1 Bh3 52. h6+
Kxh6 53. Rb6+ Kg5 54. Rb5+ Kh4 55. Rb1 Rc3 56. Ra1 Rc2 57. Rb1 Bg2 58. Rb8 Bf3
59. Rh8+ Kg5 60. Rg8+ Kf4 61. Rf8+ Ke3 62. Re8+ Be4 0-1

[Event "Lliga Catalana DH"]
[Site "?"]
[Date "2018.02.17"]
[Round "5.1"]
[White "Parligras, Mircea-Emilian"]
[Black "Bauer, Christian"]
[Result "1-0"]
[WhiteElo "2582"]
[BlackElo "2647"]
[PlyCount "113"]
[EventDate "2018.??.??"]
[WhiteTeam "CCS"]
[BlackTeam "EEB"]

1. d4 d6 2. e4 Nf6 3. Bd3 e5 4. c3 d5 5. dxe5 Nxe4 6. Nf3 Nc6 7. O-O Bg4 8.
Nbd2 Nc5 9. Bb1 Be7 10. b4 Nd7 11. h3 Bh5 12. g4 Bg6 13. Re1 Nf8 14. Bf5 Ne6
15. Nb3 O-O 16. Be3 a6 17. Qd2 Re8 18. Rad1 a5 19. b5 Na7 20. Qxd5 Qxd5 21.
Rxd5 c6 22. bxc6 Nxc6 23. a4 Ba3 24. Rb5 Reb8 25. Nbd4 Ncxd4 26. Nxd4 Nc7 27.
Rb3 Bf8 28. Reb1 Nd5 29. Bd2 b6 30. Rb5 Bc5 31. Nc6 Re8 32. c4 Nc7 33. R5b3 Ne6
34. Be3 Rac8 35. Na7 Rcd8 36. Nb5 Nd4 37. Nxd4 Bxd4 38. Rd1 Bxf5 39. gxf5 Bxe5
40. Rxd8 Rxd8 41. Bxb6 Rd1+ 42. Kg2 Rc1 43. Rb5 f6 44. c5 Rc2 45. Rxa5 Bd4 46.
Kf3 g5 47. Ke4 Bxf2 48. Ra8+ Kf7 49. Ra7+ Ke8 50. Kd5 h5 51. Ke6 Re2+ 52. Kxf6
g4 53. hxg4 hxg4 54. a5 Bd4+ 55. Kg6 g3 56. f6 Kf8 57. c6 1-0

[Event "Lliga Catalana DH"]
[Site "?"]
[Date "2018.02.17"]
[Round "5.2"]
[White "Rakhmanov, Aleksandr"]
[Black "Lupulescu, Constantin"]
[Result "1-0"]
[WhiteElo "2630"]
[BlackElo "2629"]
[PlyCount "69"]
[EventDate "2018.??.??"]
[WhiteTeam "EEB"]
[BlackTeam "CCS"]

1. c4 e6 2. e4 d5 3. exd5 exd5 4. d4 Nf6 5. Nc3 Be7 6. Bd3 dxc4 7. Bxc4 O-O 8.
Nge2 Nbd7 9. O-O Nb6 10. Bb3 c6 11. Re1 Bf5 12. Ng3 Bg6 13. h4 h6 14. h5 Bh7
15. Nge4 Nbd7 16. Bf4 Nxe4 17. Nxe4 Nf6 18. Nc5 Bxc5 19. dxc5 Qxd1 20. Raxd1
Nxh5 21. Bc1 Nf6 22. Re7 b6 23. Rb7 Nd5 24. Bxd5 cxd5 25. c6 g5 26. Be3 Bf5 27.
b4 Rfc8 28. b5 a6 29. a4 Bc2 30. Rd4 axb5 31. axb5 Rab8 32. Rxb8 Rxb8 33. Rxd5
Kg7 34. Bxb6 Bb3 35. c7 1-0

[Event "Lliga Catalana DH"]
[Site "?"]
[Date "2018.02.17"]
[Round "2.3"]
[White "Vasquez Schroeder, Rodrigo Rafael"]
[Black "Peralta, Fernando"]
[Result "1/2-1/2"]
[WhiteElo "2549"]
[BlackElo "2593"]
[PlyCount "115"]
[EventDate "2018.??.??"]
[WhiteTeam "CCS"]
[BlackTeam "EEB"]

1. d4 d5 2. c4 e6 3. Nf3 Nf6 4. g3 Bb4+ 5. Bd2 Be7 6. Bg2 O-O 7. O-O Nbd7 8.
Qc2 Ne4 9. Rd1 c6 10. Nc3 Nxd2 11. Nxd2 Rb8 12. e4 dxe4 13. Ndxe4 f5 14. Nd2 e5
15. d5 Qc7 16. a3 e4 17. b4 Nf6 18. dxc6 bxc6 19. Nb3 Ng4 20. Qe2 Ne5 21. Na4
Be6 22. Rac1 Rbe8 23. Nac5 Bc8 24. Qc2 Bg5 25. Rb1 Qf7 26. Nd4 Nxc4 27. Rb3 Ne5
28. Bf1 Kh8 29. Be2 Rd8 30. f4 exf3 31. Nxf3 Rxd1+ 32. Bxd1 Bf6 33. Qd2 Nd7 34.
Na4 Ba6 35. Re3 Nb6 36. Bb3 Bc4 37. Nc5 Bxb3 38. Rxb3 Na4 39. Re3 Nxc5 40. bxc5
Rd8 41. Qe2 h6 42. Rd3 Rd5 43. Qa2 Be7 44. Ne5 Bxc5+ 45. Kf1 Qb7 46. Rxd5 cxd5
47. Qc2 Qa6+ 48. Kg2 Bd4 49. Nd7 Kg8 50. Qxf5 Qd6 51. Nf8 Qxa3 52. Ne6 Qa2+ 53.
Kh3 Bf6 54. Nf4 Qc4 55. Qe6+ Kh7 56. Qf5+ Kg8 57. Qe6+ Kh7 58. Qf5+ 1/2-1/2

[Event "Lliga Catalana DH"]
[Site "?"]
[Date "2018.02.17"]
[Round "5.4"]
[White "Moskalenko, Viktor"]
[Black "Stella, Andrea"]
[Result "0-1"]
[WhiteElo "2588"]
[BlackElo "2429"]
[PlyCount "80"]
[EventDate "2018.??.??"]
[WhiteTeam "EEB"]
[BlackTeam "CCS"]

1. d4 e6 2. c4 Bb4+ 3. Nc3 c5 4. e3 Nc6 5. Nf3 Nf6 6. Bd3 Bxc3+ 7. bxc3 d6 8.
e4 e5 9. d5 Ne7 10. Nd2 h6 11. Nf1 Qa5 12. Bd2 Bg4 13. Qb3 O-O-O 14. Ne3 Bd7
15. O-O g5 16. Rfb1 Qc7 17. Rb2 Kb8 18. Rab1 Bc8 19. Nc2 Qa5 20. Ne3 Rhg8 21.
Qd1 g4 22. Nc2 h5 23. Qc1 Ka8 24. Rb3 Rg6 25. Nd4 exd4 26. cxd4 Qc7 27. e5 dxe5
28. dxe5 Nfxd5 29. cxd5 Nxd5 30. Bxg6 fxg6 31. e6 Re8 32. Qc2 Rxe6 33. Qc4 Qc6
34. Re1 b6 35. Rbb1 Nc7 36. Qf4 Bb7 37. Qg3 a5 38. Rxe6 Nxe6 39. Be3 Qe4 40.
Rc1 h4 0-1

[Event "Lliga Catalana DH"]
[Site "?"]
[Date "2018.02.17"]
[Round "5.5"]
[White "Gonzalez Garcia, Jose"]
[Black "Aroshidze, Levan "]
[Result "1/2-1/2"]
[WhiteElo "2565"]
[BlackElo "2557"]
[PlyCount "43"]
[EventDate "2018.??.??"]
[WhiteTeam "CCS"]
[BlackTeam "EEB"]

1. Nf3 c5 2. e4 e6 3. c3 Nf6 4. e5 Nd5 5. d4 cxd4 6. cxd4 d6 7. Bc4 Be7 8. O-O
O-O 9. Bd2 b6 10. Nc3 Nxc3 11. Bxc3 Ba6 12. Bxa6 Nxa6 13. Qa4 Nc7 14. Rac1 Qe8
15. Qxe8 Rfxe8 16. Bb4 Nd5 17. Bxd6 Bxd6 18. exd6 Red8 19. Rc6 Nb4 20. Rc4 Nd5
21. Rc6 Nb4 22. Rc4 1/2-1/2

[Event "Lliga Catalana DH"]
[Site "?"]
[Date "2018.02.17"]
[Round "5.6"]
[White "Narciso Dublan, Marc"]
[Black "Comas Fabrego, Lluis "]
[Result "1/2-1/2"]
[WhiteElo "2535"]
[BlackElo "2556"]
[PlyCount "44"]
[EventDate "2018.??.??"]
[WhiteTeam "EEB"]
[BlackTeam "CCS"]

1. d4 Nf6 2. Bg5 e6 3. e3 b6 4. Nf3 Bb7 5. Bd3 h6 6. Bxf6 Qxf6 7. Nbd2 g6 8.
O-O Bg7 9. c3 O-O 10. Qa4 Qe7 11. e4 d6 12. Rfe1 a6 13. Qa3 Re8 14. Nc4 Nd7 15.
Rad1 Rab8 16. h3 Qf8 17. Qb3 c5 18. Ne3 b5 19. Qc2 cxd4 20. cxd4 Nf6 21. Nf1
Rec8 22. Qd2 Rc7 1/2-1/2

[Event "Lliga Catalana DH"]
[Site "?"]
[Date "2018.02.17"]
[Round "5.7"]
[White "Diaz Camallonga, Carles"]
[Black "Matnadze, Ana"]
[Result "1-0"]
[WhiteElo "2489"]
[BlackElo "2482"]
[PlyCount "89"]
[EventDate "2018.??.??"]
[WhiteTeam "CCS"]
[BlackTeam "EEB"]

1. e4 c5 2. Nf3 d6 3. Bb5+ Bd7 4. Bxd7+ Qxd7 5. c4 Nc6 6. d4 cxd4 7. Nxd4 Nf6
8. Nc3 g6 9. f3 Nxd4 10. Qxd4 Bg7 11. Be3 O-O 12. Qd3 Rfc8 13. Rc1 a6 14. a4
Qd8 15. O-O Nd7 16. b3 Nc5 17. Qc2 Qf8 18. a5 e6 19. Rfd1 f5 20. b4 Nd7 21. Na4
Rc6 22. Qb3 fxe4 23. fxe4 Qe7 24. b5 axb5 25. cxb5 Rxc1 26. Rxc1 Rxa5 27. Rc8+
Nf8 28. Qb4 Rxa4 29. Qxa4 Qd7 30. Rc1 h6 31. Qb3 Kh7 32. b6 Qd8 33. Rc7 Qh4 34.
Qc3 e5 35. Rxb7 Qxe4 36. Rc7 Ne6 37. Re7 Nd8 38. h3 d5 39. Bc1 h5 40. Qe3 Qxe3+
41. Bxe3 d4 42. Bg5 d3 43. Rd7 Ne6 44. b7 Nc5 45. Rxg7+ 1-0

[Event "Lliga Catalana DH"]
[Site "?"]
[Date "2018.02.17"]
[Round "5.8"]
[White "Grafl, Florian"]
[Black "Romero Holmes, Alfonso"]
[Result "1-0"]
[WhiteElo "2533"]
[BlackElo "2421"]
[PlyCount "77"]
[EventDate "2018.??.??"]
[WhiteTeam "EEB"]
[BlackTeam "CCS"]

1. b3 d5 2. Bb2 c5 3. e3 a6 4. f4 Nc6 5. Nf3 f6 6. g3 Nh6 7. Bg2 g6 8. O-O Bg7
9. Qe2 O-O 10. Nc3 Rb8 11. Ne1 Bg4 12. Bxd5+ Qxd5 13. Qxg4 Nxg4 14. Nxd5 Rfd8
15. e4 e6 16. Ne3 Nxe3 17. dxe3 f5 18. Bxg7 Kxg7 19. exf5 exf5 20. Nd3 b6 21.
Rad1 Re8 22. Rfe1 Re7 23. Kf2 a5 24. a3 a4 25. bxa4 Re4 26. Nb2 Na5 27. Rd7+
Kg8 28. Kf3 Rbe8 29. Rd6 Nc4 30. Nxc4 Rxc4 31. Rxb6 Rxc2 32. a5 Rc3 33. a4 Re4
34. a6 Rxa4 35. Rd1 Raa3 36. Rd8+ Kf7 37. Rd7+ Ke8 38. Rxh7 Rxe3+ 39. Kf2 1-0

[Event "Lliga Catalana DH"]
[Site "?"]
[Date "2018.02.17"]
[Round "5.9"]
[White "Lorenzo de la Riva, Lazaro"]
[Black "Hernando Rodrigo, Julio Antonio"]
[Result "0-1"]
[WhiteElo "2449"]
[BlackElo "2397"]
[PlyCount "108"]
[EventDate "2018.??.??"]
[WhiteTeam "CCS"]
[BlackTeam "EEB"]

1. d4 Nf6 2. Nf3 g6 3. Bf4 c5 4. e3 Bg7 5. c3 b6 6. Be2 O-O 7. O-O Bb7 8. a4 d6
9. a5 Nh5 10. a6 Bc6 11. Bg5 h6 12. Bh4 g5 13. Nfd2 Nf6 14. Bg3 cxd4 15. cxd4
b5 16. Qb3 Qb6 17. Qa2 Nbd7 18. Nc3 b4 19. Na4 Qd8 20. Rfc1 Bd5 21. Bc4 Bxc4
22. Qxc4 Qb8 23. Qc6 Rc8 24. Qb7 Rxc1+ 25. Rxc1 Qd8 26. Nb3 Nf8 27. Qxb4 Rb8
28. Qa5 Qd7 29. Nd2 h5 30. h3 h4 31. Bh2 Rb5 32. Qc7 Qf5 33. Qc8 Qd3 34. Nf3
Rb4 35. Qc3 Qb5 36. b3 Rxb3 37. Qa1 Ne4 38. Qa2 Qb4 39. Qc2 f5 40. Ra1 e6 41.
Ne1 Ra3 42. Bxd6 Qxd6 43. Rxa3 Qxa3 44. Nd3 Qa1+ 45. Kh2 g4 46. hxg4 fxg4 47.
Nc1 Nxf2 48. g3 Nd3 49. Nxd3 Qf1 50. Nf4 hxg3+ 51. Kxg3 Qf3+ 52. Kh2 Qxe3 53.
Ne2 Qf2+ 54. Kh1 g3 0-1

[Event "Lliga Catalana DH"]
[Site "?"]
[Date "2018.02.17"]
[Round "5.10"]
[White "Chueca Forcen, Alberto"]
[Black "Perpinya Rofes, Lluis Mª"]
[Result "0-1"]
[WhiteElo "2361"]
[BlackElo "2445"]
[PlyCount "90"]
[EventDate "2018.??.??"]
[WhiteTeam "EEB"]
[BlackTeam "CCS"]

1. e4 c5 2. Nf3 Nc6 3. d4 cxd4 4. Nxd4 e6 5. Nc3 d6 6. Bc4 Nf6 7. O-O a6 8.
Nxc6 bxc6 9. Bf4 d5 10. exd5 cxd5 11. Bb3 Be7 12. Be5 O-O 13. Qd4 Bb7 14. Na4
Rc8 15. Qa7 Bc6 16. Qxa6 Nd7 17. Bc3 Qc7 18. Ba5 Qd6 19. Nb6 Ra8 20. Nxa8 Rxa8
21. Bb4 Rxa6 22. Bxd6 Bxd6 23. c3 Rb6 24. Rab1 Nc5 25. Bc2 f5 26. Rfd1 Ne4 27.
f3 Bc5+ 28. Kf1 Bb5+ 29. Bd3 Nxc3 30. Bxb5 Nxd1 31. a4 Ne3+ 32. Ke2 Nxg2 33. b4
Nf4+ 34. Kd2 Bd6 35. Kc3 Kf7 36. Bf1 Rc6+ 37. Kb3 d4 38. a5 Nd5 39. b5 Rc3+ 40.
Kb2 Ba3+ 41. Ka1 Bc1 42. Rxc1 Rxc1+ 43. Kb2 Rxf1 44. b6 Nb4 45. b7 Na6 0-1

[Event "Lliga Catalana DH"]
[Site "?"]
[Date "2018.02.17"]
[Round "5.1"]
[White "Jerez Perez, Alfonso"]
[Black "Cruz Sanchez, Jonathan Esteban"]
[Result "1/2-1/2"]
[WhiteElo "2456"]
[BlackElo "2477"]
[PlyCount "75"]
[EventDate "2018.??.??"]
[WhiteTeam "FOM"]
[BlackTeam "TPE"]

1. e4 e5 2. Nf3 Nc6 3. Bc4 Nf6 4. Ng5 d5 5. exd5 Na5 6. Bb5+ Bd7 7. Qe2 Be7 8.
Nc3 O-O 9. Nge4 c6 10. dxc6 Nxc6 11. Bxc6 Bxc6 12. d3 Nd5 13. Nxd5 Qxd5 14. f3
f5 15. Nc3 Bb4 16. Bd2 Bxc3 17. Bxc3 e4 18. O-O exd3 19. Qxd3 Qxd3 20. cxd3
Rad8 21. d4 Rfe8 22. Rfe1 Kf7 23. Kf2 Rxe1 24. Rxe1 Re8 25. Rxe8 Kxe8 26. Ke3
g5 27. Bb4 Kf7 28. h3 f4+ 29. Kf2 Ke6 30. Bf8 h5 31. h4 gxh4 32. Bg7 Kf5 33.
Be5 Bd5 34. a3 Bc6 35. Bc7 Bd5 36. Bd8 h3 37. gxh3 Bc6 38. Bc7 1/2-1/2

[Event "Lliga Catalana DH"]
[Site "?"]
[Date "2018.02.17"]
[Round "5.2"]
[White "Cruz Estrada, Filemon"]
[Black "Granados Gomez, Manel"]
[Result "1/2-1/2"]
[WhiteElo "2387"]
[BlackElo "2446"]
[PlyCount "33"]
[EventDate "2018.??.??"]
[WhiteTeam "TPE"]
[BlackTeam "FOM"]

1. c4 e5 2. g3 Nf6 3. Bg2 d5 4. cxd5 Nxd5 5. Nc3 Nb6 6. Nf3 Nc6 7. d3 Be7 8.
Be3 O-O 9. O-O Re8 10. Rc1 Bf8 11. Ne4 Nd4 12. Nc5 Nxf3+ 13. Bxf3 Nd5 14. Bd2
c6 15. b4 b6 16. Na4 Bh3 17. Re1 1/2-1/2

[Event "Lliga Catalana DH"]
[Site "?"]
[Date "2018.02.17"]
[Round "5.3"]
[White "Mestre Bellido, Hector"]
[Black "Ballester Llagaria, Luis Eduardo"]
[Result "1/2-1/2"]
[WhiteElo "2353"]
[BlackElo "2349"]
[PlyCount "67"]
[EventDate "2018.??.??"]
[WhiteTeam "FOM"]
[BlackTeam "TPE"]

1. Nf3 d5 2. g3 Bg4 3. Bg2 Nd7 4. c4 e6 5. d4 c6 6. O-O Ngf6 7. Nc3 Be7 8. Ne5
Bf5 9. f3 c5 10. Nxd7 Qxd7 11. cxd5 exd5 12. Be3 b6 13. Bf2 O-O 14. Qd2 Rad8
15. Rac1 Bh3 16. b3 Bxg2 17. Kxg2 Rfe8 18. Rfe1 h6 19. Rc2 Nh7 20. dxc5 Bxc5
21. Bxc5 bxc5 22. Rd1 Nf6 23. e4 dxe4 24. Nxe4 Qxd2+ 25. Rcxd2 Rxd2+ 26. Rxd2
Nxe4 27. fxe4 Rxe4 28. Rd8+ Kh7 29. Kf3 Re1 30. Rd7 a6 31. Ra7 Rf1+ 32. Ke3
Re1+ 33. Kf3 Rf1+ 34. Ke3 1/2-1/2

[Event "Lliga Catalana DH"]
[Site "?"]
[Date "2018.02.17"]
[Round "5.4"]
[White "Boix Moreno, Daniel"]
[Black "Torrecillas Martinez, Antonio"]
[Result "1/2-1/2"]
[WhiteElo "2328"]
[BlackElo "2384"]
[PlyCount "138"]
[EventDate "2018.??.??"]
[WhiteTeam "TPE"]
[BlackTeam "FOM"]

1. e4 e6 2. d4 d5 3. Nd2 c5 4. Ngf3 Nf6 5. e5 Nfd7 6. c3 Nc6 7. Bd3 h6 8. O-O
g5 9. dxc5 Bxc5 10. Nb3 Bf8 11. Nbd4 Bg7 12. Bb5 Qc7 13. Qa4 Ncxe5 14. Nxe5
Bxe5 15. f4 gxf4 16. Bd2 Kd8 17. Be1 Bf6 18. Kh1 e5 19. Nf3 Nb6 20. Qd1 Be6 21.
b3 Rc8 22. c4 d4 23. Ba5 Qd6 24. Nd2 Qa3 25. b4 Ke7 26. Rf3 d3 27. c5 Bg4 28.
cxb6 e4 29. Rb1 exf3 30. gxf3 Bh3 31. bxa7 Rhg8 32. Qe1+ Kf8 33. Qf2 Rc1+ 34.
Rxc1 Qxc1+ 35. Nf1 Bxf1 36. a8=Q+ Kg7 37. Qxg8+ Kxg8 38. Qg1+ Kh8 39. Bxd3 Bg2+
40. Kxg2 Qd2+ 41. Qf2 Qxd3 42. Bb6 Qg6+ 43. Kf1 Qb1+ 44. Kg2 Qxb4 45. Bc5 Qb1
46. Qe2 Qg6+ 47. Kf1 Kg7 48. Bf2 Qf5 49. Kg2 h5 50. Qc4 b5 51. Qb3 Qe5 52. a4
bxa4 53. Qxa4 Qg5+ 54. Kf1 Be5 55. Qe4 Qf6 56. Qd5 Qa6+ 57. Kg2 Qe2 58. Qc5 Qb2
59. Kf1 Qb1+ 60. Kg2 Qg6+ 61. Kf1 Bf6 62. Qc4 Qf5 63. Kg2 Qe5 64. Qc5 Qxc5 65.
Bxc5 Kg6 66. Bd6 Kg5 67. Bc7 Bd4 68. Bd6 Kf5 69. Bf8 Bf6 1/2-1/2

[Event "Lliga Catalana DH"]
[Site "?"]
[Date "2018.02.17"]
[Round "5.5"]
[White "Arias Boo, Guillermo"]
[Black "Gonzalez Garcia, Marc"]
[Result "1/2-1/2"]
[WhiteElo "2359"]
[BlackElo "2338"]
[PlyCount "38"]
[EventDate "2018.??.??"]
[WhiteTeam "FOM"]
[BlackTeam "TPE"]

1. d4 d5 2. c4 e6 3. Nf3 Nf6 4. g3 Bb4+ 5. Bd2 Be7 6. Bg2 O-O 7. O-O c6 8. Qc2
Nbd7 9. Rd1 b6 10. b3 a5 11. Nc3 Ba6 12. e4 dxc4 13. bxc4 Bxc4 14. Bg5 Rc8 15.
e5 Ne8 16. Ne4 Bd5 17. Bxe7 Qxe7 18. Neg5 f5 19. exf6 gxf6 1/2-1/2